Central Library OPAC University of Rajshahi

The letters of Samuel Johnson with Mrs. Thrale's genuine letters to him / (Record no. 22746)

MARC details
000 -LEADER
fixed length control field 00967nam a2200265 a 4500
001 - CONTROL NUMBER
control field 22746
003 - CONTROL NUMBER IDENTIFIER
rucl marc code BD-RjUL
005 - DATE AND TIME OF LATEST TRANSACTION
control field 20251118120313.0
008 - FIXED-LENGTH DATA ELEMENTS--GENERAL INFORMATION
fixed length control field 140309s1952 enkh 000 0beng d
035 ## - SYSTEM CONTROL NUMBER
System control number (BD-RjUL)22811
040 ## - CATALOGING SOURCE
Original cataloging agency DLC
Transcribing agency FO
Modifying agency OCoLC
-- IAurC
-- Uk
-- OCoLC
-- DLC
-- BD-RjUL
Language of cataloging eng
041 ## - LANGUAGE CODE
Language code of text/sound track or separate title eng
082 00 - DEWEY DECIMAL CLASSIFICATION NUMBER
Classification number 928.2
Author mark and year JOL 1952
100 1# - MAIN ENTRY--PERSONAL NAME
Personal name Johnson, Samuel,
Dates associated with a name 1709-1784.
9 (RLIN) 70161
245 14 - TITLE STATEMENT
Title The letters of Samuel Johnson with Mrs. Thrale's genuine letters to him /
Statement of responsibility, etc. Collected & edited by R.W. Chapman.
260 ## - PUBLICATION, DISTRIBUTION, ETC. (IMPRINT)
Place of publication, distribution, etc. Oxford :
Name of publisher, distributor, etc. Clarendon Press,
Date of publication, distribution, etc. 1952.
300 ## - PHYSICAL DESCRIPTION
Pagination V.;
Size 23 cm.
505 0# - FORMATTED CONTENTS NOTE
Formatted contents note v. 1. 1719-1774.--v. 2. 1775-1782.--v. 3. 1783-1784--
600 10 - SUBJECT ADDED ENTRY--PERSONAL NAME
Personal name Johnson, Samuel,
Dates associated with a name 1709-1784
General subdivision Correspondence.
Personal name Piozzi, Hester Lynch,
Dates associated with a name 1741-1821
General subdivision Correspondence.
650 #0 - SUBJECT ADDED ENTRY--TOPICAL TERM
Topical term or geographic name as entry element Authors, English
Chronological subdivision 18th century
General subdivision Correspondence.
9 (RLIN) 70164
700 1# - ADDED ENTRY--PERSONAL NAME
Personal name Chapman, R. W
Dates associated with a name 1741-1821.
942 ## - ADDED ENTRY ELEMENTS (KOHA)
Source of classification or shelving scheme Dewey Decimal Classification
Koha item type Books
Holdings
Lost status Source of classification or shelving scheme Damaged status Not for loan Collection code Permanent Location Current Location Shelving location Date acquired Source of acquisition Cost, normal purchase price Total Checkouts Full call number Date last seen Copy number Koha item type
  Dewey Decimal Classification   Added to bundle Non-fiction Central Library, University of Rajshahi Central Library, University of Rajshahi Reading Room 08/08/1955 Oxford University Press 63.00   928.2 JOL V-2 1952 09/03/2014 C-1 Books
  Dewey Decimal Classification     Non-fiction Central Library, University of Rajshahi Central Library, University of Rajshahi General Stacks 26/02/1955       928.2 JOL V-2 1952 28/06/2025 C-2 Books
  Dewey Decimal Classification     Non-fiction Central Library, University of Rajshahi Central Library, University of Rajshahi General Stacks 26/02/1955       928.2 JOL V-1 1952 28/06/2025 C-1 Books
  Dewey Decimal Classification     Non-fiction Central Library, University of Rajshahi Central Library, University of Rajshahi General Stacks 26/02/1955       928.2 JOL V-2 1952 28/06/2025 C-3 Books
  Dewey Decimal Classification     Non-fiction Central Library, University of Rajshahi Central Library, University of Rajshahi General Stacks 26/02/1955       928.2 JOL V-1 1952 28/06/2025 C-2 Books
  Dewey Decimal Classification     Non-fiction Central Library, University of Rajshahi Central Library, University of Rajshahi General Stacks 26/02/1955       928.2 JOL V-1 1952 28/06/2025 C-3 Books
  Dewey Decimal Classification     Non-fiction Central Library, University of Rajshahi Central Library, University of Rajshahi General Stacks 26/02/1955       928.2 JOL V-3 1952 28/06/2025 C-1 Books
  Dewey Decimal Classification     Non-fiction Central Library, University of Rajshahi Central Library, University of Rajshahi General Stacks 26/02/1955 V.C. 6.60   928.2 JOL V-1 1952 18/11/2025 C-4 Books